| 000 | 01227nam a22002537i 4500 | ||
|---|---|---|---|
| 001 | BINCO | ||
| 003 | CO-MdBIC | ||
| 005 | 20240609175217.0 | ||
| 008 | 240603t2014 ck a|||| |||| 00| 0 spa d | ||
| 020 | _a 9789588850092 | ||
| 040 |
_bspa. _cCO-MdBIC _dCO-MdBIC |
||
| 041 | _aspa | ||
| 082 |
_223 _a895.6 _bL912 |
||
| 100 | _aLow, Amalia, | ||
| 245 | 4 |
_aLas lágrimas del cocodrilo _c/ Amalia Low |
|
| 260 |
_aBogotá, Colombia: _bEdiciones B., _c[2014] |
||
| 264 | _c©2014 | ||
| 300 |
_a30 páginas : _bilustraciones a color ; _c20 cm. |
||
| 490 | _aColección Zafari | ||
| 500 | _aTexto en español | ||
| 501 | _aUn cuento que explica que en el sutil equilibrio de la naturaleza, todos estamos conectados. El engañoso cocodrilo debe probar las amargas consecuencias de sus actos, descubriendo finalmente que "es más divertido comerse el fruto compartido". Un cocodrilo muy codicioso quiere quedarse con todas las frutas del árbol donde vive el gentil perezoso. A través del engaño, la agresividad y la destrucción, logra su propósito… pero pronto se da cuenta que al dañar a los seres a su alrededor, se ha perjudicado a sí mismo. | ||
| 690 | _aLiteratura japonesa | ||
| 690 | _aCuentos infantiles japoneses | ||
| 999 |
_c70036 _d70036 |
||